<?xml version="1.0" encoding="UTF-8"?><?xml-stylesheet type="text/xsl" href="static/style.xsl"?><OAI-PMH xmlns="http://www.openarchives.org/OAI/2.0/" xmlns:xsi="http://www.w3.org/2001/XMLSchema-instance" xsi:schemaLocation="http://www.openarchives.org/OAI/2.0/ http://www.openarchives.org/OAI/2.0/OAI-PMH.xsd"><responseDate>2026-04-17T04:20:48Z</responseDate><request verb="GetRecord" identifier="oai:www.recercat.cat:2117/400626" metadataPrefix="marc">https://recercat.cat/oai/request</request><GetRecord><record><header><identifier>oai:recercat.cat:2117/400626</identifier><datestamp>2025-07-22T15:13:26Z</datestamp><setSpec>com_2072_1033</setSpec><setSpec>col_2072_452951</setSpec></header><metadata><record xmlns="http://www.loc.gov/MARC21/slim" xmlns:dcterms="http://purl.org/dc/terms/" xmlns:xsi="http://www.w3.org/2001/XMLSchema-instance" xmlns:doc="http://www.lyncode.com/xoai" xsi:schemaLocation="http://www.loc.gov/MARC21/slim http://www.loc.gov/standards/marcxml/schema/MARC21slim.xsd">
   <leader>00925njm 22002777a 4500</leader>
   <datafield ind2=" " ind1=" " tag="042">
      <subfield code="a">dc</subfield>
   </datafield>
   <datafield ind2=" " ind1=" " tag="720">
      <subfield code="a">Amaiquema Zambrano, Ingrid Abigail</subfield>
      <subfield code="e">author</subfield>
   </datafield>
   <datafield ind2=" " ind1=" " tag="260">
      <subfield code="c">2023-06</subfield>
   </datafield>
   <datafield ind2=" " ind1=" " tag="520">
      <subfield code="a">En las últimas décadas, hemos presenciado una evolución exponencial de la tecnología; a razón de esto las empresas se han visto en la necesidad de adaptar su forma de gestión de la información relevantes a la empresa, y se han encontrado con la dificultad de organizar toda su información de forma centralizada a través de un sitio web, que permitiría el rápido acceso a la recopilación de toda esta información. Es así como a través del Portal Autoservicio CyberProtect se expone el diseño y la implementación de un sistema web que se ha llevado a cabo en la empresa NTT DATA SPAIN, con el propósito de proporcionar información sobre las herramientas tecnológicas que se utilizan a diario, dando una solución a la necesidad de organizar de manera centralizada su información confidencial. A través del presente proyecto se realiza una introducción detallada del sistema, por el cual se explica detalladamente el proceso para la creación del Portal Autoservicio CyberPortect. Además, se presenta la arquitectura empleada, la elaboración de diseño y el proceso de desarrollo que permitirá comprender su implementación.</subfield>
   </datafield>
   <datafield ind2=" " ind1=" " tag="520">
      <subfield code="a">In the last decades, we have seen an exponential technology's evolution, because of that companies have had the necessity to adapt how they manage their company information and they have had the difficulty to organize all the information in a centralised way through a website, which allows to have a quick access to a collection of all of this information. On the Autoservice Cyberprotect website is exposed the design and implementation of a web system which have been done in the company NTT DATA SPAIN with the purpose to give information about the technology tools which are used daily and give a solution to the necessity of organised on a centralized way all the confidential information. Through this project is showed a detailed introduction of the system, which explains in detail the process to create the website Cyberprotect Autoservice. Furthermore, is explained the architecture used, design elaboration and the process of the development which allows to understand its implementation.</subfield>
   </datafield>
   <datafield ind2=" " ind1=" " tag="520">
      <subfield code="a">En les darreres dècades hem presenciat l'evolució exponencial de la tecnologia, a raó d'això les empreses s'han vis ten la necessitat d'adaptar la seva manera de gestió de la seva informació rellevant a l'empresa, i s'han trobat amb la dificultat d'organitzar tota la seva informació de forma centralitzada a través d'un lloc web, que permetria l'accés ràpid a la recopilació de tota aquesta informació. Es així com a través del Portal d'Autoservei Cyberprotect s'exposa el disseny i la implementació d'un Sistema web que s'ha portat a fi en l'empresa NTT DATA SPAIN, amb el propòsit de donar informació sobre les eines tecnològiques que s'utilitzen a diari, donant una solució a la necessitat d'organitzar de manera centralitzada la seva informació confidencial. A traves d'aquest projecte es realitza la introducció detallada del sistema pel que s'explica en detall el procés per a la creació del Portal d'Autoservei Cyberprotect. A més, es presenta l'arquitectura utilitzada en l'elaboració del disseny i el procés de desenvolupament que permetrà comprendre la seva implementació.</subfield>
   </datafield>
   <datafield tag="653" ind2=" " ind1=" ">
      <subfield code="a">Àrees temàtiques de la UPC::Informàtica::Arquitectura de computadors</subfield>
   </datafield>
   <datafield tag="653" ind2=" " ind1=" ">
      <subfield code="a">Client/server computing</subfield>
   </datafield>
   <datafield tag="653" ind2=" " ind1=" ">
      <subfield code="a">Relational databases</subfield>
   </datafield>
   <datafield tag="653" ind2=" " ind1=" ">
      <subfield code="a">User interfaces (Computer systems)</subfield>
   </datafield>
   <datafield tag="653" ind2=" " ind1=" ">
      <subfield code="a">Management information systems</subfield>
   </datafield>
   <datafield tag="653" ind2=" " ind1=" ">
      <subfield code="a">Web sites</subfield>
   </datafield>
   <datafield tag="653" ind2=" " ind1=" ">
      <subfield code="a">client-server architecture</subfield>
   </datafield>
   <datafield tag="653" ind2=" " ind1=" ">
      <subfield code="a">relational databases</subfield>
   </datafield>
   <datafield tag="653" ind2=" " ind1=" ">
      <subfield code="a">user interface</subfield>
   </datafield>
   <datafield tag="653" ind2=" " ind1=" ">
      <subfield code="a">internet</subfield>
   </datafield>
   <datafield tag="653" ind2=" " ind1=" ">
      <subfield code="a">structured programming</subfield>
   </datafield>
   <datafield tag="653" ind2=" " ind1=" ">
      <subfield code="a">web servers</subfield>
   </datafield>
   <datafield tag="653" ind2=" " ind1=" ">
      <subfield code="a">web</subfield>
   </datafield>
   <datafield tag="653" ind2=" " ind1=" ">
      <subfield code="a">arquitectura cliente - servidor</subfield>
   </datafield>
   <datafield tag="653" ind2=" " ind1=" ">
      <subfield code="a">bases de datos relacionales</subfield>
   </datafield>
   <datafield tag="653" ind2=" " ind1=" ">
      <subfield code="a">interfaz de usuario</subfield>
   </datafield>
   <datafield tag="653" ind2=" " ind1=" ">
      <subfield code="a">programación estructurada</subfield>
   </datafield>
   <datafield tag="653" ind2=" " ind1=" ">
      <subfield code="a">servidores web</subfield>
   </datafield>
   <datafield tag="653" ind2=" " ind1=" ">
      <subfield code="a">Arquitectura client-servidor (Informàtica)</subfield>
   </datafield>
   <datafield tag="653" ind2=" " ind1=" ">
      <subfield code="a">Bases de dades relacionals</subfield>
   </datafield>
   <datafield tag="653" ind2=" " ind1=" ">
      <subfield code="a">Interfícies d'usuari (Informàtica)</subfield>
   </datafield>
   <datafield tag="653" ind2=" " ind1=" ">
      <subfield code="a">Sistemes d'informació per a la gestió</subfield>
   </datafield>
   <datafield tag="653" ind2=" " ind1=" ">
      <subfield code="a">Pàgines web</subfield>
   </datafield>
   <datafield ind2="0" ind1="0" tag="245">
      <subfield code="a">Portal Autoservicio CyberProtect</subfield>
   </datafield>
   <datafield ind2="0" ind1="0" tag="245">
      <subfield code="a">Autoservice Cyberprotect website</subfield>
   </datafield>
   <datafield ind2="0" ind1="0" tag="245">
      <subfield code="a">Portal d'Autoservei Cyberprotect</subfield>
   </datafield>
</record></metadata></record></GetRecord></OAI-PMH>